Times Food Guide 2013 Pune (Record no. 332201)

MARC details
000 -LEADER
fixed length control field 00477nam a2200169Ia 4500
008 - FIXED-LENGTH DATA ELEMENTS--GENERAL INFORMATION
fixed length control field 230718s9999 xx 000 0 und d
020 ## - INTERNATIONAL STANDARD BOOK NUMBER
International Standard Book Number 9789382299103
041 ## - LANGUAGE CODE
Language code of text/sound track or separate title eng
082 ## - DEWEY DECIMAL CLASSIFICATION NUMBER
Classification number 641.3
Item number ANA
100 ## - MAIN ENTRY--PERSONAL NAME
Personal name Anand K.
9 (RLIN) 194478
245 ## - TITLE STATEMENT
Title Times Food Guide 2013 Pune
Remainder of title Restaurants Bars Desserts
260 ## - PUBLICATION, DISTRIBUTION, ETC. (IMPRINT)
Date of publication, distribution, etc. 2013
Name of publisher, distributor, etc. Times Group Books
300 ## - PHYSICAL DESCRIPTION
Extent 205
365 ## - TRADE PRICE
Currency code Rs.
Price amount 199.00
700 ## - ADDED ENTRY--PERSONAL NAME
Personal name Anand K.
9 (RLIN) 194478
906 ## - LOCAL DATA ELEMENT F, LDF (RLIN)
d O:0333215-Mar-2013B:284208-Mar-2013
c GENRL
b 43.78
Holdings
Withdrawn status Lost status Damaged status Not for loan Home library Current library Date acquired Vendor Budget Code Cost, normal purchase price Bill number Total Checkouts Full call number Barcode Date last seen Discount Cost, replacement price Bill Date Koha item type Original Barcode
        Cummins College of Engineering for Women Pune Cummins College of Engineering for Women Pune 15/03/2013 Technical Book Services GENRL 155.22 2842   641.3 CCEP-BK-43408 18/07/2023 43.78 199.00 08/03/2013 Books 043408